000 00506nam a2200181Ia 4500
005 20250326123529.0
008 250326s9999 xx 000 0 und d
037 _aTextbook
040 _aFMSL
_beng
_cFMSL
041 _aeng
_2eng
084 _aB J9
_qFMSL
100 _aAllendoerfer C B
_9735400
245 0 _aFundamentals of freshman mathematics
_cAllendoerfer C B; Oakley C O
260 _aNY
_bNY, McGraw - Hill
_c1959
300 _a475p
942 _cTB
_hB J9
999 _c1269783
_d1269783